| 000 | 01051nam a2200277 4500 | ||
|---|---|---|---|
| 001 | 0000021119 | ||
| 003 | CO-CtgCURN | ||
| 005 | 20250429224118.0 | ||
| 007 | ta | ||
| 008 | 160627s2004 000 0 eng d | ||
| 020 | _a9586906612 | ||
| 040 |
_aCO-CtgCURN _bspa _ccoctgcurn |
||
| 082 | 0 |
_a350.986 _bR15f |
|
| 100 | 1 | _aRamos Acevedo, Jairo. | |
| 245 | 1 | 0 |
_aFundamentos de la responsabilidad extracontractual de la Administración publica / _cJairo Ramos Acevedo. |
| 260 |
_aBogotá : _bLeyer, _c2004. |
||
| 300 | _aiii, 266 p. | ||
| 336 | _2rdacontent | ||
| 337 |
_2rdamedia _asin mediacion _bn |
||
| 338 |
_2rdacarrier _avolumen _bnc |
||
| 505 | 8 | _aAspectos generales de la responsabilidad.--El daño.--La relacion de causalidad.--Responsabilidad extracontractual del estado.--La responsabilidad extracontractual de la rama jurisdicciónal y legislativa del estado | |
| 650 | 1 | 4 | _aDaños y perjuicios. |
| 908 | _a160627 | ||
| 942 |
_cBK _h350.986 _iR15f _2ddc |
||
| 999 |
_c39320 _d39320 |
||